Il padiglione d'oro /

Guardat en:
Dades bibliogràfiques
Autor principal: Mishima, Yukio (Autor)
Altres autors: Teti, Mario
Format: Llibre
Idioma:italià
Publicat: Milano : Feltrinelli, 1996
Edició:8. ed
Col·lecció:Universale economica ; 995
Etiquetes: Afegir etiqueta
Sense etiquetes, Sigues el primer a etiquetar aquest registre!

MARC

LEADER 00000nam a22000007i 4500
001 IT\ICCU\TO0\0975228
003 ItRI
005 20260115231857.0
008 010802s1996 it |||||| ||||| |||||c
020 |a 8807809958 
040 |b ita  |c importazione bologna sebina 
041 7 |a ita  |2 ISO-639-2 
100 1 |a Mishima, Yukio  |0 IT\ICCU\CFIV\002484  |4 aut 
240 1 0 |a Kinkakuji  |3 IT\ICCU\CFI\0003158  |9 Mishima, Yukio 
245 1 3 |a Il padiglione d'oro /  |c Yukio Mishima. 
250 |a 8. ed 
260 |a Milano :  |b Feltrinelli,  |c 1996 
300 |a 250 p. ;  |c 18 cm 
500 |a Trad. di Mario Teti. 
700 1 |a Teti, Mario  |0 IT\ICCU\CFIV\007354 
790 1 |a Hiraoka, Kimitake  |3 IT\ICCU\CFIV\226673  |z Mishima, Yukio 
830 0 |a Universale economica ;  |v 995  |0 IT\ICCU\CFI\0001103 
942 |2 ddc  |c BK  |n 0 
952 |0 0  |1 0  |4 0  |6 DOC_895_635000000000000_MIS  |7 0  |9 15062  |a BO  |b BO  |d 2026-01-15  |i 5033  |l 0  |o DOC 895.635 MIS  |p BO5033  |r 2026-01-15 23:18:57  |w 2026-01-15  |x [Sebina 5] [1 v.]  |y BK  |z 1 v. 
999 |c 12959  |d 12959